Deutsche Städte die auf "burg" enden - Statistiken

Allgemein
  • Dieses Quiz wurde 953 mal gespielt
    871 seit der letzten Aktualisierung
  • Das Durchschnittsergebnis liegt bei 10 aus 29
Antwortstatistiken
Einwohner Stadt % Korrekt
1.845.017 Hamburg
97%
230.241 Freiburg
70%
296.582 Augsburg
69%
237.565 Magdeburg
69%
153.094 Regensburg
65%
498.686 Duisburg
64%
127.934 Würzburg
59%
169.077 Oldenburg
55%
124.371 Wolfsburg
52%
90.164 Flensburg
44%
93.499 Ludwigsburg
42%
77.129 Marburg
42%
71.002 Aschaffenburg
37%
41.875 Homburg
36%
59.646 Offenburg
36%
41.072 Coburg
29%
75.711 Lüneburg
28%
50.623 Ravensburg
26%
32.155 Naumburg
17%
54.227 Bad Homburg
14%
23.798 Quedlinburg
14%
31.633 Altenburg
12%
28.896 Rendsburg
12%
37.766 Papenburg
11%
32.573 Bernburg
8%
14.525 Ratzeburg
7%
5944 Meersburg
6%
15.163 Mainburg
5%
31.448 Nienburg (Weser)
3%
Keine übereinstimmenden Quizze gefunden
Verteilung der Resultate
Anzahl Personen mit jedem Resultat
Perzentil nach korrekt beantworteten Fragen
Ihre Resultats-Entwicklung
Sie haben dieses Quiz seit der letzten Aktualisierung nicht gespielt